[Event "Wch U16 Girls"]
[Site "Montesilvano"]
[Date "2023.11.16"]
[Round "4"]
[White "Conde Mares, Vanya Briseyda"]
[Black "Kayis, Gulcan Sena"]
[Result "0-1"]
[WhiteElo "1566"]
[BlackElo "1859"]
[PlyCount "62"]
[EventDate "2023.11.13"]
[EventType "swiss"]
[EventRounds "11"]
[EventCountry "ITA"]
[SourceTitle "CB48_2023"]
[SourceDate "2023.11.29"]
[SourceVersion "1"]
[SourceVersionDate "2023.11.29"]
[SourceQuality "1"]

1. e4 e6 2. d4 d5 3. e5 c5 4. c3 Nc6 5. Nf3 Bd7 6. Be2 f6 7. 0-0 fxe5 8. dxe5 Qc7 9. c4 d4 10. Bf4 0-0-0 11. a3 Nh6 12. Nbd2 Nf7 13. Ne4 Be7 14. b4 g5 15. Nfxg5 Nxg5 16. Bxg5 Bxg5 17. Nxg5 Nxe5 18. f4 Rhg8 19. Rf2 Ng6 20. Qd2 Nxf4 21. Qxf4 Qxf4 22. Rxf4 Rxg5 23. h4 Rg7 24. bxc5 e5 25. Rf2 Bc6 26. Kh2 e4 27. Rg1 d3 28. Bh5 e3 29. Rf6 e2 30. Re6 Rf8 31. Re3 Rf2 0-1

[Event "Titled Tuesday intern op 01st Aug Early"]
[Site "Chess.com INT"]
[Date "2023.08.01"]
[Round "8"]
[White "Shukhman, Anna"]
[Black "Kayis, Gulcan Sena"]
[Result "0-1"]
[WhiteElo "2238"]
[BlackElo "1766"]
[PlyCount "44"]
[EventDate "2023.08.01"]
[EventType "swiss (blitz)"]
[EventRounds "11"]
[EventCountry "USA"]
[SourceTitle "EXT 2024"]
[Source "ChessBase"]
[SourceDate "2023.10.10"]
[SourceVersion "1"]
[SourceVersionDate "2023.10.10"]
[SourceQuality "1"]

1. e4 e6 2. d4 d5 3. Nc3 Nf6 4. e5 Nfd7 5. f4 c5 6. Nf3 Nc6 7. Be3 Be7 8. Qd2 0-0 9. dxc5 Bxc5 10. 0-0-0 a6 11. Nd4 Nxd4 12. Bxd4 b5 13. f5 Bxd4 14. Qxd4 Qg5+ 15. Kb1 Qxf5 16. Re1 Bb7 17. Bd3 Qh5 18. h4 f5 19. exf6 Rxf6 20. g4 Qf7 21. g5 Rf4 22. Qb6 Nxb6 0-1

[Event "Titled Tuesday intern op 01st Aug Early"]
[Site "Chess.com INT"]
[Date "2023.08.01"]
[Round "10"]
[White "Tologontegin, Semetey"]
[Black "Kayis, Gulcan Sena"]
[Result "1-0"]
[WhiteElo "2368"]
[BlackElo "1766"]
[PlyCount "123"]
[EventDate "2023.08.01"]
[EventType "swiss (blitz)"]
[EventRounds "11"]
[EventCountry "USA"]
[SourceTitle "EXT 2024"]
[Source "ChessBase"]
[SourceDate "2023.10.10"]
[SourceVersion "1"]
[SourceVersionDate "2023.10.10"]
[SourceQuality "1"]

1. e4 e6 2. Nc3 d5 3. d4 Nf6 4. e5 Nfd7 5. f4 c5 6. Nf3 Nc6 7. Be3 Be7 8. Qd2 0-0 9. Be2 f6 10. exf6 Bxf6 11. dxc5 Qa5 12. a3 Nxc5 13. 0-0 Bxc3 14. Qxc3 Qxc3 15. bxc3 Ne4 16. c4 dxc4 17. Bxc4 Na5 18. Bd3 Nf6 19. Rfe1 Bd7 20. Bd2 Nc6 21. Ng5 Nd5 22. g3 g6 23. Nxe6 Rfe8 24. Nc5 Rxe1+ 25. Rxe1 Bg4 26. Bc4 Rd8 27. Nxb7 Rd7 28. Nc5 Rd8 29. Bc1 Kg7 30. Ne6+ Bxe6 31. Rxe6 Nd4 32. Bb2 Kf7 33. Ra6 Nxc2 34. Rxa7+ Kf8 35. Bg7+ Kg8 36. Bf6 Rd6 37. Be5 Rd8 38. Rg7+ Kf8 39. Rxh7 Nce3 40. Bxd5 Rxd5 41. Ra7 Ng4 42. Bg7+ Kg8 43. h3 Ne3 44. Kf2 Nc4 45. a4 Nb6 46. a5 Nc4 47. a6 Ra5 48. Bf6 Nd6 49. Rg7+ Kf8 50. a7 Ne4+ 51. Kf3 Nxf6 52. Rb7 Ne8 53. Kg4 Kg8 54. h4 Kf8 55. Kf3 Kg8 56. g4 Kf8 57. g5 Kg8 58. Kg4 Kf8 59. h5 gxh5+ 60. Kxh5 Kg8 61. Kh6 Ra6+ 62. g6 1-0

[Event "Titled Tuesday intern op 25th Jul Early"]
[Site "Chess.com INT"]
[Date "2023.07.25"]
[Round "3"]
[White "Llari, Marc"]
[Black "Kayis, Gulcan Sena"]
[Result "0-1"]
[WhiteElo "2110"]
[BlackElo "1774"]
[PlyCount "154"]
[EventDate "2023.07.25"]
[EventType "swiss (blitz)"]
[EventRounds "11"]
[EventCountry "USA"]
[SourceTitle "EXT 2024"]
[Source "ChessBase"]
[SourceDate "2023.10.10"]
[SourceVersion "1"]
[SourceVersionDate "2023.10.10"]
[SourceQuality "1"]

1. d4 d5 2. Nf3 Nf6 3. Bg5 e6 4. Nbd2 Be7 5. e3 0-0 6. Bd3 h6 7. Bxf6 Bxf6 8. 0-0 Nd7 9. e4 dxe4 10. Nxe4 Be7 11. c3 Nf6 12. Qe2 Qd5 13. c4 Qh5 14. Ng3 Qa5 15. Rfe1 c6 16. a3 Bd7 17. Rad1 Rfd8 18. Ne5 Be8 19. Bb1 c5 20. dxc5 Qxc5 21. b4 Qc7 22. Ng4 Nxg4 23. Qxg4 Bf6 24. Qe4 g6 25. Qc2 Rxd1 26. Rxd1 Rd8 27. Rxd8 Qxd8 28. Ne4 Bg7 29. c5 b6 30. Nd6 bxc5 31. bxc5 Bc6 32. h4 Qxh4 33. Qb3 Bd4 34. Qc2 Qg5 35. Ne4 Bxe4 36. Qxe4 Qxc5 37. Qe1 Qxa3 38. Be4 Qc5 39. g3 a5 40. Kg2 a4 41. Qe2 a3 42. Qa2 Bxf2 43. Bb1 Bd4 44. Qe2 Qc3 45. Ba2 Qb2 46. Qxb2 axb2 47. Kf3 Kg7 48. Bb1 f5 49. g4 Kf6 50. Kf4 e5+ 51. Kf3 fxg4+ 52. Kxg4 h5+ 53. Kh4 Bf2+ 54. Kh3 Kg5 55. Kg2 Bd4 56. Kf3 h4 57. Be4 Kh5 58. Bb1 g5 59. Bf5 Kh6 60. Kg4 Bc3 61. Be4 Bd4 62. Bf5 h3 63. Kxh3 Kh5 64. Kg3 g4 65. Be4 Kg5 66. Bd3 Bc3 67. Be4 Bd2 68. Kf2 Kf4 69. Bb1 g3+ 70. Kg2 e4 71. Bc2 e3 72. Kf1 Kf3 73. Bd1+ e2+ 74. Bxe2+ Ke3 75. Kg2 Kxe2 76. Kxg3 b1Q 77. Kg4 Qg6+ 0-1

[Event "EU-chT U18 Girls"]
[Site "Thessaloniki"]
[Date "2022.07.17"]
[Round "6.2"]
[White "Kayis, Gulcan Sena"]
[Black "Obada, Ema"]
[Result "1-0"]
[WhiteElo "1682"]
[BlackElo "2042"]
[PlyCount "53"]
[EventDate "2022.07.12"]
[EventType "team-swiss"]
[EventRounds "7"]
[EventCountry "GRE"]
[SourceTitle "EXT 2023"]
[Source "ChessBase"]
[SourceDate "2022.10.05"]
[SourceVersion "1"]
[SourceVersionDate "2022.10.05"]
[SourceQuality "1"]
[WhiteTeam "Turkey U18"]
[BlackTeam "Romania U18"]
[WhiteTeamCountry "TUR"]
[BlackTeamCountry "ROU"]

1. e4 e6 2. d4 d5 3. e5 c5 4. c3 Nc6 5. Nf3 Nge7 6. Na3 cxd4 7. cxd4 Nf5 8. Nc2 Bd7 9. Bd3 Qb6 10. 0-0 Be7 11. g4 Nh4 12. Nxh4 Bxh4 13. g5 Nxd4 14. Be3 Bxg5 15. Bxd4 Qd8 16. Qe2 0-0 17. Be3 Be7 18. Nd4 Qe8 19. Kh1 f6 20. f4 g6 21. Rg1 f5 22. Rac1 Qd8 23. Bb5 Bc8 24. Qc2 a6 25. Bd3 Bb4 26. Qa4 Qe7 27. a3 1-0

[Event "TUR-ch (Women)"]
[Site "Ayvalik"]
[Date "2022.03.05"]
[Round "1"]
[White "Kayis, Gulcan Sena"]
[Black "Bodur, Ilke Lal"]
[Result "1-0"]
[WhiteElo "1650"]
[BlackElo "1182"]
[PlyCount "59"]
[EventDate "2022.03.05"]
[EventType "swiss"]
[EventRounds "9"]
[EventCountry "TUR"]
[SourceTitle "EXT 2023"]
[Source "ChessBase"]
[SourceDate "2022.10.05"]
[SourceVersion "1"]
[SourceVersionDate "2022.10.05"]
[SourceQuality "1"]

1. e4 e5 2. Nf3 Nc6 3. Nc3 Nf6 4. Be2 Be7 5. 0-0 0-0 6. d4 exd4 7. Nxd4 d5 8. exd5 Nxd5 9. Nxc6 bxc6 10. Ne4 Bd6 11. Bf3 Be6 12. Re1 Qd7 13. c4 Ne7 14. Qa4 Rfe8 15. Bg5 Rab8 16. b3 Nc8 17. c5 Be5 18. Rad1 Bd5 19. Rxd5 Qxd5 20. Nf6+ gxf6 21. Bxd5 Bxh2+ 22. Kxh2 Rxe1 23. Bd2 Re2 24. Qg4+ Kf8 25. Bh6+ Ke8 26. Qxe2+ Kd7 27. Qg4+ Ke7 28. Bxc6 Nb6 29. Qe4+ Kd8 30. Qe8# 1-0

[Event "TUR-ch (Women)"]
[Site "Antalya"]
[Date "2019.03.08"]
[Round "8"]
[White "Kayis, Gulcan Sena"]
[Black "Hereklioglu, Sude"]
[Result "1-0"]
[WhiteElo "1562"]
[BlackElo "1973"]
[PlyCount "95"]
[EventDate "2019.03.03"]
[EventType "swiss"]
[EventRounds "9"]
[EventCountry "TUR"]
[SourceTitle "CBM 189 Extra"]
[Source "ChessBase"]
[SourceDate "2019.06.03"]
[SourceVersion "1"]
[SourceVersionDate "2019.06.03"]
[SourceQuality "1"]

1. e4 c5 2. Nc3 Nc6 3. f4 g6 4. Nf3 Bg7 5. Bb5 d6 6. Bxc6+ bxc6 7. 0-0 d5 8. d3 d4 9. Na4 Qa5 10. b3 Ba6 11. Qe1 Qb5 12. Ba3 c4 13. dxc4 Qh5 14. e5 Nh6 15. Nxd4 g5 16. f5 Bc8 17. f6 Bf8 18. fxe7 Bg7 19. Qe4 Qg6 20. Qxc6+ Qxc6 21. Nxc6 Bd7 22. Nd4 Bxe5 23. Rad1 Ng4 24. Nf3 Bf4 25. g3 Be3+ 26. Kg2 Bc6 27. Rd3 Be4 28. h3 Bxd3 29. cxd3 Nh6 30. Re1 Bb6 31. Nxg5 Nf5 32. Ne4 Bd4 33. Bc5 Bg7 34. g4 Nh4+ 35. Kg3 Ng6 36. Nd6+ Kd7 37. e8Q+ Raxe8 38. Rxe8 Be5+ 39. Kf3 Rxe8 40. Nxe8 Kxe8 41. Bxa7 Nf4 42. Ke4 Bc7 43. h4 Ne2 44. Bc5 Nc1 45. Nc3 Bg3 46. Be3 Be1 47. Bxc1 Bxc3 48. d4 1-0

[Event "TUR-ch (Women)"]
[Site "Antalya"]
[Date "2019.03.06"]
[Round "6"]
[White "Kaya, Selen"]
[Black "Kayis, Gulcan Sena"]
[Result "0-1"]
[WhiteElo "1027"]
[BlackElo "1562"]
[PlyCount "98"]
[EventDate "2019.03.03"]
[EventType "swiss"]
[EventRounds "9"]
[EventCountry "TUR"]
[SourceTitle "CBM 189 Extra"]
[Source "ChessBase"]
[SourceDate "2019.06.03"]
[SourceVersion "1"]
[SourceVersionDate "2019.06.03"]
[SourceQuality "1"]

1. e4 c5 2. Nf3 g6 3. d4 cxd4 4. Nxd4 Bg7 5. Be3 Nc6 6. c3 Nf6 7. Nd2 0-0 8. Be2 d5 9. exd5 Nxd5 10. Nc2 Nxe3 11. Nxe3 Be6 12. 0-0 Qc7 13. Qc2 a6 14. Bc4 Bxc4 15. Nexc4 b5 16. Ne3 Rfd8 17. Nf3 e6 18. a3 Rac8 19. Qe2 Na5 20. Rfd1 Nc4 21. Nxc4 Qxc4 22. Qxc4 bxc4 23. Rxd8+ Rxd8 24. Re1 Rb8 25. Re2 Kf8 26. Kf1 Ke7 27. Nd4 Bxd4 28. cxd4 Kd6 29. Rd2 Rb3 30. Ke2 Kd5 31. h3 a5 32. g3 Ke4 33. h4 h5 34. Kd1 Rd3 35. Ke2 Rxd2+ 36. Kxd2 Kxd4 37. f3 e5 38. g4 f5 39. gxh5 gxh5 40. Ke2 a4 41. Kd2 e4 42. fxe4 fxe4 43. Ke2 e3 44. Ke1 Kd3 45. Kd1 e2+ 46. Ke1 Ke3 47. b3 c3 48. b4 c2 49. b5 c1Q# 0-1

[Event "TUR-ch (Women)"]
[Site "Antalya"]
[Date "2018.03.08"]
[Round "6"]
[White "Kayis, Gulcan Sena"]
[Black "Gokbulut, Julia"]
[Result "0-1"]
[WhiteElo "1419"]
[BlackElo "2049"]
[PlyCount "128"]
[EventDate "2018.03.05"]
[EventType "swiss"]
[EventRounds "9"]
[EventCountry "TUR"]
[SourceTitle "CBM 183 Extra"]
[Source "ChessBase"]
[SourceDate "2018.04.19"]
[SourceVersion "1"]
[SourceVersionDate "2018.04.19"]
[SourceQuality "1"]

1. e4 c5 2. Nc3 e6 3. Nf3 a6 4. d4 cxd4 5. Nxd4 b5 6. a3 Qc7 7. g3 Bb7 8. Bg2 Nf6 9. 0-0 Nc6 10. Nxc6 dxc6 11. Bf4 e5 12. Be3 Be7 13. Kh1 Rd8 14. Qe2 Bc8 15. h3 Be6 16. b3 Nd7 17. Rad1 Bxa3 18. f4 f6 19. f5 Bf7 20. Qf2 0-0 21. g4 Bb4 22. Ne2 Be7 23. h4 a5 24. g5 a4 25. bxa4 bxa4 26. Qg3 Bh5 27. Bf3 Bxf3+ 28. Qxf3 Rfe8 29. Qh5 Nf8 30. g6 hxg6 31. fxg6 Rxd1 32. Rxd1 Rd8 33. Ra1 Qd7 34. Kh2 Qe8 35. Rg1 Bb4 36. Qf5 Qe6 37. Qf2 Bd2 38. Bb6 Ra8 39. Rd1 Bh6 40. Qg2 a3 41. Nc1 Bf4+ 42. Kh1 a2 43. Nb3 Qc4 44. Ba5 Ne6 45. Ra1 Qa4 46. Bc3 Rd8 47. Qe2 c5 48. Nc1 Bxc1 49. Rxc1 Nf4 50. Qe3 Nxg6 51. h5 Nf4 52. Qf3 Rb8 53. h6 Rb1 54. h7+ Kxh7 55. Rg1 Rxg1+ 56. Kxg1 a1Q+ 57. Bxa1 Qxa1+ 58. Kf2 Qd4+ 59. Ke1 c4 60. Qh1+ Kg8 61. Qf3 c3 62. Qg3 Qxe4+ 63. Kf1 Qxc2 64. Qf3 Qg2+ 0-1

[Event "EU-ch U10 Girls 27th"]
[Site "Mamaia"]
[Date "2017.09.11"]
[Round "6"]
[White "Sichinava, Mariam"]
[Black "Kayis, Gulcan Sena"]
[Result "0-1"]
[WhiteElo "1205"]
[BlackElo "1395"]
[PlyCount "77"]
[EventDate "2017.09.05"]
[EventType "swiss"]
[EventRounds "9"]
[EventCountry "ROU"]
[SourceTitle "CBM 180 Extra"]
[Source "ChessBase"]
[SourceDate "2017.10.06"]
[SourceVersion "1"]
[SourceVersionDate "2017.10.06"]
[SourceQuality "1"]

1. Nf3 Nf6 2. g3 g6 3. Bg2 Bg7 4. 0-0 0-0 5. c4 d6 6. d4 Nbd7 7. Nc3 e5 8. e4 exd4 9. Nxd4 Re8 10. Re1 c6 11. Bf4 Ne5 12. Bxe5 dxe5 13. Nf3 Qc7 14. Qc2 Bd7 15. Rad1 Rad8 16. Qe2 Bc8 17. h3 Nd7 18. Qe3 Qb6 19. Qxb6 Nxb6 20. b3 Nd7 21. Rd2 Nc5 22. Red1 Rxd2 23. Rxd2 Be6 24. Ne2 a6 25. Ne1 a5 26. Nc3 Bc8 27. Kh1 Ne6 28. Nf3 Nd4 29. Na4 Nxf3 30. Bxf3 Bxh3 31. g4 f5 32. exf5 gxf5 33. gxf5 Bxf5 34. Bh5 Rf8 35. Nc5 Bc8 36. Rd6 Bf6 37. Ne6 Be7 38. Rd3 Bxe6 39. Rg3+ 0-1

[Event "EU School-ch U09 Girls"]
[Site "Kallithea"]
[Date "2016.06.18"]
[Round "2"]
[White "Kayis, Gulcan Sena"]
[Black "Chicarosie, Ioana Bianca"]
[Result "0-1"]
[WhiteElo "1403"]
[BlackElo "1326"]
[PlyCount "80"]
[EventDate "2016.06.17"]
[EventType "swiss"]
[EventRounds "9"]
[EventCountry "GRE"]
[SourceTitle "EXT 2017"]
[Source "ChessBase"]
[SourceDate "2016.10.25"]
[SourceVersion "1"]
[SourceVersionDate "2016.10.25"]
[SourceQuality "1"]

1. e4 e6 2. d4 d5 3. Nd2 Nf6 4. e5 Nfd7 5. Ngf3 c5 6. c3 Nc6 7. Bd3 cxd4 8. cxd4 Bb4 9. a3 Ba5 10. 0-0 0-0 11. Bc2 f6 12. Re1 Bb6 13. Nf1 fxe5 14. Ng5 Bxd4 15. Nxe6 Bxf2+ 16. Kh1 Bxe1 17. Nxf8 Qxf8 18. Qxe1 Nb6 19. Bd2 Nc4 20. Qh4 Bf5 21. b3 Nxd2 22. Bxf5 Qxf5 23. Nxd2 Rf8 24. h3 Qf4 25. Qe1 e4 26. Kg1 e3 27. Nf3 Nd4 28. Nxd4 Qxd4 29. Rd1 Qe4 30. Rc1 d4 31. Qb4 e2 32. Qc4+ Kh8 33. Re1 Qe3+ 34. Kh2 Qf4+ 35. Kh1 Qf1+ 36. Rxf1 exf1Q+ 37. Qxf1 Rxf1+ 38. Kh2 d3 39. Kg3 d2 40. Kg4 d1Q+ 0-1